[Event "Blitz Women"]
[Site "?"]
[Date "2018.08.03"]
[Round "3.2"]
[White "Wang, Jue"]
[Black "Hoang, Thi Bao Tram"]
[Result "0-1"]
[BlackElo "2314"]
[WhiteElo "2373"]
[LiveChessVersion "1.4.8"]

1. e4 {[%clk 0:03:02]} d5 {[%clk 0:03:00]} 2. exd5 {[%clk 0:03:01]} Qxd5
{[%clk 0:03:00]} 3. Nc3 {[%clk 0:03:02]} Qd8 {[%clk 0:03:01]} 4. d4
{[%clk 0:03:02]} Nf6 {[%clk 0:02:59]} 5. Bc4 {[%clk 0:02:59]} c6 {[%clk 0:02:56]}
6. Nf3 {[%clk 0:02:58]} Bf5 {[%clk 0:02:55]} 7. Ne5 {[%clk 0:02:57]} e6
{[%clk 0:02:51]} 8. g4 {[%clk 0:02:43]} Bg6 {[%clk 0:02:44]} 9. h4
{[%clk 0:02:31]} Bb4 {[%clk 0:02:44]} 10. f3 {[%clk 0:02:09]} Nd5
{[%clk 0:02:07]} 11. Bd2 {[%clk 0:01:36]} f6 {[%clk 0:02:01]} 12. Nxg6
{[%clk 0:01:35]} hxg6 {[%clk 0:02:02]} 13. Qe2 {[%clk 0:01:36]} Qe7
{[%clk 0:01:33]} 14. Bd3 {[%clk 0:01:35]} g5 {[%clk 0:01:29]} 15. Bg6+
{[%clk 0:01:34]} Kd8 {[%clk 0:01:23]} 16. O-O-O {[%clk 0:01:30]} gxh4
{[%clk 0:01:19]} 17. Nxd5 {[%clk 0:01:23]} exd5 {[%clk 0:01:10]} 18. Qd3
{[%clk 0:01:24]} Bxd2+ {[%clk 0:01:09]} 19. Qxd2 {[%clk 0:01:23]} Qd6
{[%clk 0:01:07]} 20. Rde1 {[%clk 0:01:19]} Nd7 {[%clk 0:01:06]} 21. Bf5
{[%clk 0:01:06]} Nf8 {[%clk 0:00:35]} 22. g5 {[%clk 0:01:02]} Kc7
{[%clk 0:00:30]} 23. gxf6 {[%clk 0:00:59]} Qxf6 {[%clk 0:00:18]} 24. Re5
{[%clk 0:00:41]} g6 {[%clk 0:00:14]} 25. Bg4 {[%clk 0:00:40]} Rh7
{[%clk 0:00:12]} 26. Qh2 {[%clk 0:00:35]} Qd6 {[%clk 0:00:09]} 27. Rhe1
{[%clk 0:00:36]} Kb6 {[%clk 0:00:07]} 28. R1e3 {[%clk 0:00:35]} a6
{[%clk 0:00:08]} 29. f4 {[%clk 0:00:21]} Ka7 {[%clk 0:00:08]} 30. Rh3
{[%clk 0:00:23]} Qf6 {[%clk 0:00:08]} 31. b3 {[%clk 0:00:20]} Rf7
{[%clk 0:00:09]} 32. Rf3 {[%clk 0:00:17]} Rh7 {[%clk 0:00:09]} 33. Kb2
{[%clk 0:00:16]} Rd8 {[%clk 0:00:10]} 34. Bh3 {[%clk 0:00:15]} Nd7
{[%clk 0:00:11]} 35. Bxd7 {[%clk 0:00:14]} Rdxd7 {[%clk 0:00:12]} 36. Qh3
{[%clk 0:00:12]} Rdf7 {[%clk 0:00:12]} 37. Qc8 {[%clk 0:00:12]} Rf8
{[%clk 0:00:11]} 38. Qh3 {[%clk 0:00:12]} Rhf7 {[%clk 0:00:08]} 39. a4
{[%clk 0:00:13]} Qh8 {[%clk 0:00:08]} 40. Qg4 {[%clk 0:00:12]} Qh6
{[%clk 0:00:07]} 41. Rg5 {[%clk 0:00:10]} Qh8 {[%clk 0:00:06]} 42. c3
{[%clk 0:00:10]} Re7 {[%clk 0:00:06]} 43. Rxg6 {[%clk 0:00:11]} Re2+
{[%clk 0:00:06]} 44. Ka3 {[%clk 0:00:12]} Rfe8 {[%clk 0:00:07]} 45. Qd7
{[%clk 0:00:05]} Qf8+ {[%clk 0:00:07]} 46. Qd6 {[%clk 0:00:07]} Qf7
{[%clk 0:00:07]} 47. Rh6 {[%clk 0:00:07]} R2e6 {[%clk 0:00:08]} 48. Rxe6 Rxe6
{[%clk 0:00:09]} 49. Qd8 {[%clk 0:00:08]} Rf6 {[%clk 0:00:09]} 50. f5
{[%clk 0:00:06]} Rxf5 {[%clk 0:00:09]} 51. Rxf5 Qxf5 {[%clk 0:00:10]} 52. Qxh4
{[%clk 0:00:08]} a5 {[%clk 0:00:09]} 53. Qe1 {[%clk 0:00:05]} Qc2
{[%clk 0:00:09]} 54. Qa1 {[%clk 0:00:05]} b5 {[%clk 0:00:09]} 55. axb5
{[%clk 0:00:04]} cxb5 {[%clk 0:00:10]} 56. Qb2 {[%clk 0:00:05]} Qd1
{[%clk 0:00:10]} 57. Qf2 {[%clk 0:00:03]} Qa1+ {[%clk 0:00:10]} 58. Qa2
{[%clk 0:00:04]} Qxc3 {[%clk 0:00:11]} 59. Qf2 {[%clk 0:00:04]} Qa1+
{[%clk 0:00:12]} 60. Qa2 {[%clk 0:00:05]} Qxd4 {[%clk 0:00:13]} 61. Qc2
{[%clk 0:00:05]} Qa1+ {[%clk 0:00:13]} 62. Qa2 {[%clk 0:00:06]} b4+
{[%clk 0:00:14]} 0-1

[Event "Blitz Women"]
[Site "?"]
[Date "2018.08.03"]
[Round "3.3"]
[White "Nguyen, Thi Thanh An"]
[Black "Guo, Qi"]
[Result "1/2-1/2"]
[BlackElo "2362"]
[WhiteElo "2208"]
[LiveChessVersion "1.4.8"]

1. d4 {[%clk 0:03:03]} d5 {[%clk 0:03:03]} 2. c4 {[%clk 0:03:03]} e6
{[%clk 0:03:04]} 3. Nf3 {[%clk 0:03:00]} Nf6 {[%clk 0:03:04]} 4. Qc2
{[%clk 0:03:01]} Be7 {[%clk 0:03:04]} 5. Bg5 {[%clk 0:02:59]} h6 {[%clk 0:03:02]}
6. Bh4 {[%clk 0:02:59]} O-O {[%clk 0:03:01]} 7. e3 {[%clk 0:03:01]} Nbd7
{[%clk 0:02:56]} 8. Nc3 {[%clk 0:03:01]} c5 {[%clk 0:02:54]} 9. cxd5
{[%clk 0:02:59]} Nxd5 {[%clk 0:02:53]} 10. Bxe7 {[%clk 0:02:57]} Nxe7
{[%clk 0:02:53]} 11. Be2 {[%clk 0:02:52]} cxd4 {[%clk 0:02:11]} 12. Nxd4
{[%clk 0:02:53]} Ne5 {[%clk 0:02:02]} 13. O-O {[%clk 0:02:50]} Bd7
{[%clk 0:02:03]} 14. Rfd1 {[%clk 0:02:51]} Qe8 {[%clk 0:01:34]} 15. f4
{[%clk 0:02:35]} N5g6 {[%clk 0:01:23]} 16. Ne4 {[%clk 0:02:34]} Bc6
{[%clk 0:01:22]} 17. Nxc6 {[%clk 0:02:32]} Nxc6 {[%clk 0:01:22]} 18. Nd6
{[%clk 0:02:30]} Qe7 {[%clk 0:01:23]} 19. Rac1 {[%clk 0:02:28]} Rfd8
{[%clk 0:01:24]} 20. Nxb7 {[%clk 0:02:16]} Rxd1+ {[%clk 0:01:24]} 21. Bxd1
{[%clk 0:02:11]} Nb4 {[%clk 0:01:25]} 22. Qc7 {[%clk 0:02:11]} Nxa2
{[%clk 0:01:24]} 23. Qxe7 {[%clk 0:02:07]} Nxe7 {[%clk 0:01:25]} 24. Ra1
{[%clk 0:02:08]} Nb4 {[%clk 0:01:18]} 25. Bf3 {[%clk 0:02:03]} Nc2
{[%clk 0:00:58]} 26. Nc5 {[%clk 0:01:49]} Nxa1 {[%clk 0:00:52]} 27. Bxa8
{[%clk 0:01:50]} Nc2 {[%clk 0:00:52]} 28. Kf2 {[%clk 0:01:49]} Nf5
{[%clk 0:00:47]} 29. e4 {[%clk 0:01:45]} Nfd4 {[%clk 0:00:48]} 30. Bb7
{[%clk 0:01:40]} Kf8 {[%clk 0:00:48]} 31. Ba6 {[%clk 0:01:38]} Ke7
{[%clk 0:00:49]} 32. e5 {[%clk 0:01:35]} f6 {[%clk 0:00:46]} 33. Bc4
{[%clk 0:01:26]} fxe5 {[%clk 0:00:30]} 34. fxe5 {[%clk 0:01:26]} g5 35. Bd3
{[%clk 0:00:59]} Nb4 {[%clk 0:00:27]} 36. Ke3 {[%clk 0:00:55]} Ndc6
{[%clk 0:00:23]} 37. Bc4 {[%clk 0:00:50]} Nxe5 {[%clk 0:00:23]} 38. Kd4
{[%clk 0:00:17]} Nbc6+ {[%clk 0:00:23]} 39. Kc3 {[%clk 0:00:13]} Nd8
{[%clk 0:00:17]} 40. Be2 {[%clk 0:00:13]} Ng6 {[%clk 0:00:15]} 41. g3
{[%clk 0:00:13]} Ne5 {[%clk 0:00:16]} 42. Kb4 {[%clk 0:00:14]} Kd6
{[%clk 0:00:16]} 43. Ne4+ {[%clk 0:00:14]} Kd5 {[%clk 0:00:16]} 44. Nf6+
{[%clk 0:00:14]} Kd4 {[%clk 0:00:17]} 45. Ng8 {[%clk 0:00:15]} Ndf7
{[%clk 0:00:13]} 46. Kb5 {[%clk 0:00:15]} g4 {[%clk 0:00:12]} 47. Ka6
{[%clk 0:00:13]} Nf3 {[%clk 0:00:13]} 48. Kxa7 {[%clk 0:00:12]} 1/2-1/2

[Event "Blitz Women"]
[Site "?"]
[Date "2018.08.03"]
[Round "3.4"]
[White "Zhai, Mo"]
[Black "Nguyen, Thi Mai Hung"]
[Result "0-1"]
[BlackElo "2256"]
[WhiteElo "2325"]
[LiveChessVersion "1.4.8"]

1. d4 {[%clk 0:03:03]} Nf6 {[%clk 0:03:03]} 2. c4 {[%clk 0:03:04]} g6
{[%clk 0:03:04]} 3. Nf3 {[%clk 0:03:03]} Bg7 {[%clk 0:03:05]} 4. g3
{[%clk 0:03:04]} O-O {[%clk 0:03:05]} 5. Bg2 {[%clk 0:03:05]} d5 {[%clk 0:03:06]}
6. cxd5 Nxd5 {[%clk 0:03:07]} 7. O-O {[%clk 0:03:05]} Nb6 {[%clk 0:03:08]} 8. e4
{[%clk 0:02:57]} Nc6 {[%clk 0:03:09]} 9. d5 {[%clk 0:02:55]} Na5 {[%clk 0:03:10]}
10. Nc3 {[%clk 0:02:53]} c6 {[%clk 0:03:11]} 11. dxc6 {[%clk 0:02:07]} Qxd1
{[%clk 0:02:52]} 12. Rxd1 {[%clk 0:02:08]} Nxc6 {[%clk 0:02:53]} 13. Nd5
{[%clk 0:02:02]} Nxd5 {[%clk 0:02:15]} 14. exd5 {[%clk 0:02:02]} Na5
{[%clk 0:02:12]} 15. Bg5 {[%clk 0:01:44]} Re8 {[%clk 0:02:02]} 16. Rab1
{[%clk 0:01:17]} Bf5 {[%clk 0:02:00]} 17. Rbc1 {[%clk 0:01:16]} Bxb2
{[%clk 0:01:41]} 18. Rc7 {[%clk 0:01:17]} f6 {[%clk 0:01:39]} 19. Bd2
{[%clk 0:01:17]} b6 {[%clk 0:01:40]} 20. Bxa5 {[%clk 0:00:50]} bxa5
{[%clk 0:01:41]} 21. Nh4 {[%clk 0:00:47]} Bg4 {[%clk 0:01:31]} 22. f3
{[%clk 0:00:41]} Be5 {[%clk 0:01:23]} 23. Rc5 {[%clk 0:00:37]} Bd7
{[%clk 0:01:20]} 24. f4 {[%clk 0:00:24]} Bd6 {[%clk 0:01:11]} 25. Rxa5
{[%clk 0:00:25]} Reb8 {[%clk 0:00:37]} 26. Nf3 {[%clk 0:00:16]} Rb2
{[%clk 0:00:35]} 27. Nd4 {[%clk 0:00:09]} Kf7 {[%clk 0:00:17]} 28. Nc6
{[%clk 0:00:10]} a6 {[%clk 0:00:18]} 29. h3 {[%clk 0:00:07]} Bc7 {[%clk 0:00:16]}
30. Ra4 {[%clk 0:00:08]} Bb6+ {[%clk 0:00:16]} 31. Kh2 {[%clk 0:00:09]} Bc5
{[%clk 0:00:13]} 32. Rc4 {[%clk 0:00:10]} Bd6 {[%clk 0:00:14]} 33. Re1
{[%clk 0:00:09]} Rxa2 {[%clk 0:00:14]} 34. Nxe7 {[%clk 0:00:08]} Bxe7
{[%clk 0:00:14]} 35. d6 {[%clk 0:00:09]} Bxd6 {[%clk 0:00:08]} 36. Rd4
{[%clk 0:00:09]} Bc6 {[%clk 0:00:08]} 37. Rxd6 {[%clk 0:00:07]} Rxg2+
{[%clk 0:00:09]} 38. Kh1 {[%clk 0:00:08]} Re2+ {[%clk 0:00:08]} 39. Rxc6
{[%clk 0:00:08]} Rxe1+ {[%clk 0:00:09]} 40. Kg2 {[%clk 0:00:09]} Ra7
{[%clk 0:00:10]} 0-1

[Event "Blitz Women"]
[Site "?"]
[Date "2018.08.03"]
[Round "3.5"]
[White "Asgharzadeh, Mitra"]
[Black "Harika, Dronavalli"]
[Result "1/2-1/2"]
[BlackElo "2473"]
[WhiteElo "1873"]
[LiveChessVersion "1.4.8"]

1. Nf3 {[%clk 0:03:02]} Nf6 {[%clk 0:03:02]} 2. g3 {[%clk 0:03:03]} g6
{[%clk 0:03:03]} 3. Bg2 {[%clk 0:03:03]} Bg7 {[%clk 0:03:05]} 4. O-O
{[%clk 0:03:03]} O-O {[%clk 0:03:05]} 5. d3 {[%clk 0:03:03]} d5 {[%clk 0:02:56]}
6. Nbd2 {[%clk 0:03:03]} c5 {[%clk 0:02:57]} 7. e4 {[%clk 0:03:04]} e6
{[%clk 0:02:57]} 8. Re1 {[%clk 0:03:02]} Nc6 {[%clk 0:02:58]} 9. c3
{[%clk 0:03:00]} a5 {[%clk 0:02:56]} 10. Qe2 {[%clk 0:02:52]} b6 {[%clk 0:02:49]}
11. Nf1 {[%clk 0:02:43]} Ba6 {[%clk 0:02:40]} 12. e5 {[%clk 0:02:41]} Nd7
{[%clk 0:02:41]} 13. Bf4 {[%clk 0:02:39]} Qe7 {[%clk 0:02:27]} 14. h4
{[%clk 0:02:31]} Rae8 {[%clk 0:02:28]} 15. Bh3 {[%clk 0:02:27]} Nd8
{[%clk 0:02:11]} 16. Qe3 {[%clk 0:01:47]} f6 {[%clk 0:01:46]} 17. d4
{[%clk 0:01:29]} fxe5 {[%clk 0:01:24]} 18. Nxe5 {[%clk 0:01:19]} Nxe5
{[%clk 0:01:21]} 19. Bxe5 {[%clk 0:01:18]} Bxe5 {[%clk 0:01:17]} 20. Qxe5
{[%clk 0:01:18]} Bc8 {[%clk 0:01:03]} 21. Rad1 {[%clk 0:01:06]} Nf7
{[%clk 0:01:02]} 22. Qe2 {[%clk 0:00:59]} Qf6 {[%clk 0:00:50]} 23. Ne3
{[%clk 0:00:56]} Bd7 {[%clk 0:00:47]} 24. Ng4 {[%clk 0:00:48]} Qg7
{[%clk 0:00:47]} 25. Ne5 {[%clk 0:00:47]} Nxe5 {[%clk 0:00:48]} 26. Qxe5
{[%clk 0:00:47]} Qxe5 {[%clk 0:00:44]} 27. Rxe5 {[%clk 0:00:47]} Kf7
{[%clk 0:00:31]} 28. Rd3 {[%clk 0:00:29]} c4 {[%clk 0:00:21]} 29. Rde3
{[%clk 0:00:26]} b5 {[%clk 0:00:19]} 30. a3 {[%clk 0:00:27]} Re7 {[%clk 0:00:17]}
31. Kf1 {[%clk 0:00:24]} Rfe8 {[%clk 0:00:17]} 32. Rf3+ {[%clk 0:00:22]} Kg7
{[%clk 0:00:19]} 33. Rfe3 {[%clk 0:00:22]} Kf7 {[%clk 0:00:19]} 34. Rf3+
{[%clk 0:00:22]} Kg7 {[%clk 0:00:19]} 35. Rfe3 {[%clk 0:00:24]} Kf7
{[%clk 0:00:17]} 36. Rf3+ {[%clk 0:00:24]} Kg7 {[%clk 0:00:19]} 37. Rfe3
{[%clk 0:00:25]} Bc8 {[%clk 0:00:14]} 38. Bg2 {[%clk 0:00:22]} Kf8
{[%clk 0:00:13]} 39. Rf3+ {[%clk 0:00:22]} Kg7 {[%clk 0:00:15]} 40. Rfe3
{[%clk 0:00:22]} Kf8 {[%clk 0:00:16]} 41. Rf3+ Kg7 42. Rfe3 {[%clk 0:00:24]} Kf8
{[%clk 0:00:19]} 1/2-1/2

[Event "Blitz Women"]
[Site "?"]
[Date "2018.08.03"]
[Round "3.6"]
[White "Vaishali, R"]
[Black "Sebt Rasoul, Seyede Setare"]
[Result "1-0"]
[BlackElo "1706"]
[WhiteElo "2296"]
[LiveChessVersion "1.4.8"]

1. e4 {[%clk 0:03:02]} c5 {[%clk 0:03:03]} 2. Nf3 {[%clk 0:03:03]} e6
{[%clk 0:03:04]} 3. d4 {[%clk 0:03:04]} cxd4 {[%clk 0:03:05]} 4. Nxd4
{[%clk 0:03:06]} a6 {[%clk 0:03:06]} 5. Be2 {[%clk 0:03:06]} Qc7 {[%clk 0:03:06]}
6. O-O {[%clk 0:03:03]} Nf6 {[%clk 0:03:07]} 7. Nc3 {[%clk 0:03:04]} b5
{[%clk 0:02:54]} 8. Bf3 {[%clk 0:02:51]} Nc6 {[%clk 0:02:19]} 9. e5
{[%clk 0:02:31]} Ng8 {[%clk 0:02:19]} 10. Nxc6 {[%clk 0:02:27]} dxc6
{[%clk 0:02:20]} 11. Bf4 {[%clk 0:02:28]} Ne7 {[%clk 0:02:10]} 12. a4
{[%clk 0:02:16]} b4 {[%clk 0:01:56]} 13. Ne4 {[%clk 0:02:17]} Nd5
{[%clk 0:01:51]} 14. Bg3 {[%clk 0:02:15]} Be7 {[%clk 0:01:42]} 15. c4
{[%clk 0:01:44]} bxc3 {[%clk 0:01:40]} 16. bxc3 {[%clk 0:01:45]} O-O
{[%clk 0:01:35]} 17. a5 {[%clk 0:01:42]} Bb7 {[%clk 0:01:14]} 18. c4
{[%clk 0:01:39]} Nb4 {[%clk 0:01:15]} 19. c5 {[%clk 0:01:20]} Rfd8
{[%clk 0:01:09]} 20. Qb3 {[%clk 0:01:21]} Nd5 {[%clk 0:01:10]} 21. Nd6
{[%clk 0:01:18]} Bxd6 {[%clk 0:00:56]} 22. exd6 {[%clk 0:01:16]} Qd7
{[%clk 0:00:57]} 23. Rab1 {[%clk 0:01:08]} Rab8 {[%clk 0:00:57]} 24. Qc4
{[%clk 0:01:09]} Qc8 {[%clk 0:00:31]} 25. Rb3 {[%clk 0:00:57]} Rd7
{[%clk 0:00:23]} 26. Rfb1 {[%clk 0:00:58]} h6 {[%clk 0:00:17]} 27. h4
{[%clk 0:00:58]} Kh7 {[%clk 0:00:17]} 28. Qc2+ {[%clk 0:00:55]} Kh8
{[%clk 0:00:16]} 29. Qb2 {[%clk 0:01:52]} Kg8 {[%clk 0:00:14]} 30. Be2
{[%clk 0:01:51]} Kh8 {[%clk 0:00:11]} 31. Bxa6 {[%clk 0:01:50]} Qd8
{[%clk 0:00:08]} 32. Bxb7 {[%clk 0:01:50]} Qxa5 {[%clk 0:00:09]} 33. Bxc6
{[%clk 0:01:50]} Rxb3 {[%clk 0:00:10]} 34. Qxb3 {[%clk 0:01:51]} Rd8
{[%clk 0:00:11]} 35. Bxd5 {[%clk 0:01:51]} exd5 {[%clk 0:00:12]} 36. Qxd5
{[%clk 0:01:52]} 1-0

[Event "Blitz Women"]
[Site "?"]
[Date "2018.08.03"]
[Round "3.7"]
[White "Mahdian, Anousha"]
[Black "Padmini, Rout"]
[Result "0-1"]
[BlackElo "2402"]
[WhiteElo "1773"]
[LiveChessVersion "1.4.8"]

1. d4 {[%clk 0:03:03]} Nf6 {[%clk 0:03:02]} 2. c4 {[%clk 0:03:03]} Nc6
{[%clk 0:03:02]} 3. Nf3 {[%clk 0:03:03]} e6 {[%clk 0:03:03]} 4. a3
{[%clk 0:03:05]} d5 {[%clk 0:03:04]} 5. Nc3 {[%clk 0:02:55]} Be7 {[%clk 0:03:04]}
6. c5 {[%clk 0:02:30]} O-O {[%clk 0:03:04]} 7. Bf4 {[%clk 0:02:28]} Ne4
{[%clk 0:02:54]} 8. Qc2 {[%clk 0:01:41]} Nxc3 {[%clk 0:02:33]} 9. Qxc3
{[%clk 0:01:41]} Bd7 {[%clk 0:02:32]} 10. b4 {[%clk 0:01:34]} Bf6
{[%clk 0:02:11]} 11. e3 {[%clk 0:01:17]} Ne7 {[%clk 0:02:11]} 12. Bd3
{[%clk 0:00:40]} Nf5 {[%clk 0:01:46]} 13. h3 {[%clk 0:00:33]} g6 {[%clk 0:01:18]}
14. O-O {[%clk 0:00:28]} Bg7 {[%clk 0:01:19]} 15. Bh2 {[%clk 0:00:15]} Ne7
{[%clk 0:01:06]} 16. b5 {[%clk 0:00:04]} c6 {[%clk 0:00:55]} 17. a4
{[%clk 0:00:06]} b6 {[%clk 0:00:49]} 18. cxb6 {[%clk 0:00:06]} axb6
{[%clk 0:00:50]} 19. bxc6 {[%clk 0:00:07]} Nxc6 {[%clk 0:00:48]} 20. Bb5
{[%clk 0:00:08]} Na5 {[%clk 0:00:49]} 21. Nd2 {[%clk 0:00:09]} Bxb5
{[%clk 0:00:49]} 22. axb5 {[%clk 0:00:10]} Qd7 {[%clk 0:00:50]} 23. Qb4
{[%clk 0:00:11]} Rfc8 {[%clk 0:00:49]} 24. Rfc1 {[%clk 0:00:12]} Bf8
{[%clk 0:00:48]} 25. Qb2 {[%clk 0:00:12]} Rxc1+ 26. Rxc1 {[%clk 0:00:14]} Rc8
{[%clk 0:00:28]} 27. Rxc8 Qxc8 {[%clk 0:00:29]} 28. Bf4 {[%clk 0:00:10]} Nc4
{[%clk 0:00:26]} 29. Qc3 {[%clk 0:00:09]} Qd7 {[%clk 0:00:16]} 30. Nxc4
{[%clk 0:00:08]} Qc8 {[%clk 0:00:16]} 31. Be5 dxc4 32. e4 0-1

[Event "Blitz Women"]
[Site "?"]
[Date "2018.08.03"]
[Round "3.8"]
[White "Aakanksha, Hagawane"]
[Black "Asadi, Motahare"]
[Result "1-0"]
[BlackElo "1778"]
[WhiteElo "2031"]
[LiveChessVersion "1.4.8"]

1. e4 {[%clk 0:03:03]} c5 {[%clk 0:03:03]} 2. Nf3 {[%clk 0:03:03]} e6
{[%clk 0:03:04]} 3. d4 {[%clk 0:03:04]} cxd4 {[%clk 0:03:05]} 4. Nxd4
{[%clk 0:03:05]} a6 {[%clk 0:03:05]} 5. c4 {[%clk 0:03:06]} Nf6 {[%clk 0:03:03]}
6. Nc3 {[%clk 0:03:07]} Qc7 {[%clk 0:03:04]} 7. Be3 {[%clk 0:03:06]} b6
{[%clk 0:03:03]} 8. Bd3 {[%clk 0:02:56]} Bb7 {[%clk 0:03:04]} 9. O-O
{[%clk 0:02:56]} d6 {[%clk 0:03:05]} 10. Rc1 {[%clk 0:02:57]} Be7
{[%clk 0:03:05]} 11. b3 {[%clk 0:02:48]} Nbd7 {[%clk 0:03:05]} 12. f3
{[%clk 0:02:36]} O-O {[%clk 0:03:03]} 13. Qe1 {[%clk 0:02:37]} Rac8
{[%clk 0:03:02]} 14. Qg3 {[%clk 0:02:32]} Rfe8 {[%clk 0:02:58]} 15. Nde2
{[%clk 0:02:17]} Qb8 {[%clk 0:02:55]} 16. Qh3 {[%clk 0:02:09]} Nc5
{[%clk 0:02:30]} 17. Bb1 {[%clk 0:02:10]} Bd8 {[%clk 0:02:11]} 18. Nf4
{[%clk 0:02:08]} Bc7 {[%clk 0:01:42]} 19. Nh5 {[%clk 0:02:05]} Ncd7
{[%clk 0:01:41]} 20. Bg5 {[%clk 0:01:57]} Bd8 {[%clk 0:01:09]} 21. Bf4 Nxh5
{[%clk 0:00:51]} 22. Qxh5 {[%clk 0:01:28]} Nf6 {[%clk 0:00:42]} 23. Qh3
{[%clk 0:01:29]} Bc7 {[%clk 0:00:36]} 24. Bg5 {[%clk 0:01:24]} Bd8
{[%clk 0:00:30]} 25. f4 {[%clk 0:01:02]} h6 {[%clk 0:00:24]} 26. Bh4
{[%clk 0:00:53]} d5 {[%clk 0:00:23]} 27. exd5 {[%clk 0:00:36]} exd5
{[%clk 0:00:24]} 28. Bxf6 {[%clk 0:00:16]} Bxf6 {[%clk 0:00:25]} 29. Qf5
{[%clk 0:00:15]} Re3 {[%clk 0:00:06]} 30. Nxd5 {[%clk 0:00:13]} Bxd5
{[%clk 0:00:05]} 31. cxd5 {[%clk 0:00:14]} Rxc1 {[%clk 0:00:03]} 32. Rxc1
{[%clk 0:00:15]} Re8 {[%clk 0:03:02]} 33. Qh7+ 1-0

[Event "Blitz Women"]
[Site "?"]
[Date "2018.08.03"]
[Round "4.1"]
[White "Lei, Tingjie"]
[Black "Khademalsharieh, Sarasadat"]
[Result "0-1"]
[BlackElo "2362"]
[WhiteElo "2468"]
[LiveChessVersion "1.4.8"]

1. d4 {[%clk 0:03:01]} Nf6 {[%clk 0:03:04]} 2. c4 {[%clk 0:03:02]} e6
{[%clk 0:03:05]} 3. g3 {[%clk 0:03:03]} d5 {[%clk 0:03:06]} 4. Bg2
{[%clk 0:03:03]} Bb4+ {[%clk 0:03:07]} 5. Nd2 {[%clk 0:03:03]} O-O
{[%clk 0:03:07]} 6. Ngf3 {[%clk 0:03:04]} b6 {[%clk 0:03:06]} 7. O-O
{[%clk 0:03:02]} Bb7 {[%clk 0:03:07]} 8. Ne5 {[%clk 0:02:55]} Nc6
{[%clk 0:03:05]} 9. Qa4 {[%clk 0:02:30]} Qd6 {[%clk 0:02:41]} 10. Nxc6
{[%clk 0:02:13]} Bxc6 {[%clk 0:02:41]} 11. Qc2 {[%clk 0:02:14]} Bxd2
{[%clk 0:02:24]} 12. Bxd2 {[%clk 0:01:53]} dxc4 {[%clk 0:02:24]} 13. Bf4
{[%clk 0:01:54]} Qd7 {[%clk 0:02:25]} 14. Qxc4 {[%clk 0:01:54]} Bxg2 15. Kxg2
{[%clk 0:01:55]} Nd5 {[%clk 0:01:58]} 16. Bd2 {[%clk 0:01:53]} Rac8
{[%clk 0:01:54]} 17. Rfd1 {[%clk 0:01:28]} Rfd8 {[%clk 0:01:53]} 18. Be1
{[%clk 0:01:09]} c6 {[%clk 0:01:49]} 19. e4 {[%clk 0:01:03]} Nf6 {[%clk 0:01:50]}
20. Qe2 {[%clk 0:01:02]} Qb7 {[%clk 0:01:49]} 21. f3 {[%clk 0:01:02]} Rd7
{[%clk 0:01:47]} 22. Rac1 {[%clk 0:01:02]} Rcd8 {[%clk 0:01:46]} 23. Bf2
{[%clk 0:01:03]} h5 {[%clk 0:01:08]} 24. Qc4 {[%clk 0:00:52]} c5 {[%clk 0:01:05]}
25. b4 {[%clk 0:00:42]} cxd4 {[%clk 0:01:04]} 26. Qc6 {[%clk 0:00:23]} Qa6
{[%clk 0:00:48]} 27. Rd2 {[%clk 0:00:15]} Qa3 {[%clk 0:00:44]} 28. b5
{[%clk 0:00:11]} h4 {[%clk 0:00:45]} 29. g4 {[%clk 0:00:06]} h3+ {[%clk 0:00:43]}
30. Kg3 {[%clk 0:00:07]} Rd6 {[%clk 0:00:39]} 31. Qc2 {[%clk 0:00:08]} Nxe4+
{[%clk 0:00:39]} 32. Qxe4 {[%clk 0:00:09]} Qxc1 {[%clk 0:00:39]} 33. Rd3
{[%clk 0:00:08]} Qf1 {[%clk 0:00:31]} 34. f4 {[%clk 0:00:09]} Rd5
{[%clk 0:00:27]} 35. g5 {[%clk 0:00:06]} Rxb5 {[%clk 0:00:21]} 36. g6
{[%clk 0:00:05]} Qg2+ 37. Qxg2 {[%clk 0:00:06]} hxg2 {[%clk 0:00:20]} 38. gxf7+
{[%clk 0:00:05]} Kxf7 {[%clk 0:00:21]} 39. Kxg2 {[%clk 0:00:06]} Rb2
{[%clk 0:00:22]} 40. Kg3 {[%clk 0:00:05]} Rxa2 {[%clk 0:00:22]} 41. h4
{[%clk 0:00:05]} Rc2 {[%clk 0:00:22]} 42. Kg2 {[%clk 0:00:04]} Rc3
{[%clk 0:00:22]} 43. Rd2 {[%clk 0:00:06]} d3 {[%clk 0:00:23]} 44. Kf3
{[%clk 0:00:06]} Rc2 {[%clk 0:00:23]} 45. Ke3 {[%clk 0:00:08]} Rxd2
{[%clk 0:00:24]} 46. Kxd2 {[%clk 0:00:09]} Rd7 {[%clk 0:00:25]} 47. Be3
{[%clk 0:00:09]} Kg6 {[%clk 0:00:25]} 0-1

[Event "Blitz Women"]
[Site "?"]
[Date "2018.08.03"]
[Round "4.2"]
[White "Alinasab, Mobina"]
[Black "Shen, Yang"]
[Result "0-1"]
[BlackElo "2340"]
[WhiteElo "2059"]
[LiveChessVersion "1.4.8"]

1. e4 {[%clk 0:03:03]} e5 {[%clk 0:03:03]} 2. Nf3 {[%clk 0:03:04]} Nc6
{[%clk 0:03:04]} 3. Bb5 {[%clk 0:03:05]} a6 {[%clk 0:03:03]} 4. Ba4
{[%clk 0:03:06]} Nf6 {[%clk 0:03:04]} 5. O-O {[%clk 0:03:06]} Bc5
{[%clk 0:03:03]} 6. c3 {[%clk 0:02:59]} b5 {[%clk 0:03:03]} 7. Bb3
{[%clk 0:02:51]} d6 {[%clk 0:03:02]} 8. d4 {[%clk 0:02:50]} Bb6 {[%clk 0:03:03]}
9. h3 {[%clk 0:02:41]} h6 {[%clk 0:02:54]} 10. a4 {[%clk 0:02:40]} Bd7
{[%clk 0:02:55]} 11. Re1 {[%clk 0:02:25]} O-O {[%clk 0:02:54]} 12. Na3
{[%clk 0:02:08]} Re8 {[%clk 0:02:42]} 13. d5 {[%clk 0:01:47]} Ne7
{[%clk 0:02:39]} 14. Nc2 {[%clk 0:01:43]} Ng6 {[%clk 0:02:38]} 15. Be3
{[%clk 0:01:42]} Bxe3 {[%clk 0:02:24]} 16. Rxe3 {[%clk 0:01:37]} Qb8
{[%clk 0:02:14]} 17. axb5 {[%clk 0:01:26]} axb5 {[%clk 0:02:15]} 18. Re1
{[%clk 0:01:22]} Qb6 {[%clk 0:02:10]} 19. Nb4 {[%clk 0:01:13]} Nf4
{[%clk 0:02:00]} 20. Rxa8 {[%clk 0:00:48]} Rxa8 {[%clk 0:02:00]} 21. Qd2
{[%clk 0:00:47]} Ra5 {[%clk 0:01:42]} 22. Nd3 {[%clk 0:00:35]} Nxd3
{[%clk 0:01:27]} 23. Qxd3 {[%clk 0:00:36]} b4 {[%clk 0:01:27]} 24. cxb4
{[%clk 0:00:21]} Qxb4 {[%clk 0:01:26]} 25. Rc1 {[%clk 0:00:06]} Rc5
{[%clk 0:01:10]} 26. Rxc5 {[%clk 0:00:04]} Qxc5 {[%clk 0:01:10]} 27. Bc2
{[%clk 0:00:05]} Bb5 {[%clk 0:01:02]} 28. Qd2 {[%clk 0:00:04]} Qc4
{[%clk 0:00:56]} 29. Kh2 {[%clk 0:00:04]} Qf1 {[%clk 0:00:39]} 30. Qb4
{[%clk 0:00:03]} Qxf2 {[%clk 0:00:32]} 31. Qxb5 {[%clk 0:00:04]} Qxc2
{[%clk 0:00:33]} 32. Qb8+ {[%clk 0:00:04]} Kh7 {[%clk 0:00:34]} 33. b4
{[%clk 0:00:05]} Nxe4 {[%clk 0:00:32]} 34. Qc8 {[%clk 0:00:04]} Nf6
{[%clk 0:00:23]} 35. Qb7 {[%clk 0:00:04]} e4 {[%clk 0:00:22]} 36. Nd4
{[%clk 0:00:05]} Qc3 {[%clk 0:00:21]} 37. Nf5 {[%clk 0:00:06]} Qe5+
{[%clk 0:00:22]} 38. Ng3 {[%clk 0:00:04]} Nh5 {[%clk 0:00:23]} 39. Qxc7
{[%clk 0:00:04]} Qxg3+ {[%clk 0:00:23]} 40. Kh1 {[%clk 0:00:05]} Qe1+
{[%clk 0:00:21]} 41. Kh2 {[%clk 0:00:06]} Qg3+ {[%clk 0:00:22]} 42. Kh1
{[%clk 0:00:07]} Qf2 {[%clk 0:00:21]} 43. Qd7 {[%clk 0:00:05]} e3
{[%clk 0:00:18]} 0-1